[Event "America-Europe"]
[Site "Mar del Plata"]
[Date "1981.??.??"]
[Round "2"]
[White "Ljubojevic, Ljubomir"]
[Black "Seirawan, Yasser"]
[Result "1/2-1/2"]
[WhiteElo "2605"]
[BlackElo "2555"]

1.e4 e6 2.d4 d5 3.Nc3 Bb4 4.e5 Ne7 5.Bd2 b6 6.Nb5 Bxd2+ 7.Qxd2 a6 8.Na3 a5
9.Nb5 O-O 10.Nf3 Ba6 11.Bd3 c5 12.b3 Nbc6 13.O-O Bxb5 14.Bxb5 Nxd4 15.Nxd4 cxd4
16.Qxd4 Rc8 17.Rac1 Rc5 18.a4 Qc7 19.Rfe1 Rc8 20.c4 Nf5 21.Qb2 h5 22.Rcd1 Rd8
23.Qd2 Qe7 24.g3 g6 25.h3 Rcc8 26.Qf4 dxc4 27.Bxc4 Rxd1 28.Rxd1 Rd8 29.Rd3  1/2-1/2

[Event "America-Europe"]
[Site "Mar del Plata"]
[Date "1981.??.??"]
[Round "4"]
[White "Andersson, Ulf"]
[Black "Seirawan, Yasser"]
[Result "1/2-1/2"]
[WhiteElo "2610"]
[BlackElo "2555"]

1.c4 e5 2.g3 Nc6 3.Bg2 g6 4.Nc3 Bg7 5.d3 d6 6.Rb1 Bd7 7.b4 Rb8 8.Nf3 a6 9.a4 a5
10.bxa5 Nxa5 11.O-O Ne7 12.Bd2 O-O 13.c5 Nac6 14.cxd6 cxd6 15.Nb5 d5 16.Bc1 h6
17.Ba3 Be6 18.Qc2 Qd7 19.Rfc1 Ra8 20.Nd2 Rfc8 21.Qd1 Ra6 22.Nb3 b6 23.Nd2 Bf8
24.e4 dxe4 25.Nxe4 Bg7 26.Bxe7 Nxe7 27.Rxc8+ Nxc8 28.Rc1 Ra5 29.Rc7 Qd8 30.Qc2 Kh8
31.h4 Qf8 32.Rb7 Qb4 33.Nc7 Bb3 34.Qe2 Qxa4 35.Rb8 Qd7 36.Na8 Kh7 37.Nxb6 Qc7
38.Rxc8 Qxb6 39.Qe3 Ra1+ 40.Kh2 Qxe3 41.fxe3 Be6 42.Rc2 Re1 43.Nc5 Bg4 44.Bd5 f6
45.Kg2 h5  1/2-1/2

[Event "America-Europe"]
[Site "Mar del Plata"]
[Date "1981.??.??"]
[Round "6"]
[White "Seirawan, Yasser"]
[Black "Ljubojevic, Ljubomir"]
[Result "1/2-1/2"]
[WhiteElo "2555"]
[BlackElo "2605"]

1.Nf3 c5 2.c4 Nf6 3.d4 cxd4 4.Nxd4 b6 5.Nc3 Bb7 6.f3 a6 7.e4 Qc7 8.Be3 e6
9.Be2 Be7 10.O-O d6 11.Qd2 O-O 12.Rfd1 Nbd7 13.Rac1 Rac8 14.Bf1 Qb8 15.Qf2 Rfe8
16.b4 Bf8 17.a3 Ne5 18.Na4 Nfd7 19.h3 Ba8 20.Nb3 Rc6 21.Nb2 Nf6 22.Bd4 Ned7
23.Na4 d5 24.exd5 exd5 25.c5 b5 26.Nc3 Rce6 27.f4 Nh5 28.f5  1/2-1/2

[Event "America-Europe"]
[Site "Mar del Plata"]
[Date "1981.??.??"]
[Round "8"]
[White "Seirawan, Yasser"]
[Black "Andersson, Ulf"]
[Result "0-1"]
[WhiteElo "2555"]
[BlackElo "2610"]

1.e4 c5 2.Nc3 Nc6 3.g3 g6 4.Bg2 Bg7 5.d3 d6 6.Nge2 e6 7.a3 Nge7 8.Rb1 b6
9.O-O Bb7 10.Be3 Nd4 11.Qd2 O-O 12.f4 Qd7 13.b4 Rac8 14.bxc5 dxc5 15.Bf2 c4
16.Nxd4 Bxd4 17.Nb5 Bxf2+ 18.Qxf2 cxd3 19.cxd3 Ba6 20.a4 Rc5 21.Qb2 Nc6 22.d4 Bxb5
23.dxc5 Bxf1 24.Rxf1 bxc5 25.Rc1 Rb8 26.Qf2 Nb4 27.Bf1 Nd3 28.Rd1 Rb1 29.Rd2 c4
30.Kg2 Nxf2 31.Rxd7 Ng4 32.Be2 c3 33.Rxa7 c2 34.Ra8+ Kg7 35.Rc8 c1=Q 36.Rxc1 Rxc1
37.Bxg4 Rc2+ 38.Kg1 Rc4 39.Bf3 Rxa4 40.e5 h6 41.Kf2 Ra2+ 42.Be2 g5 43.Ke3 gxf4+  0-1

[Event "Moron op"]
[Site "Moron"]
[Date "1981.??.??"]
[Round "?"]
[White "Christiansen, Larry Mark"]
[Black "Seirawan, Yasser"]
[Result "0-1"]
[WhiteElo "2515"]
[BlackElo "2555"]

1.d4 Nf6 2.c4 e6 3.Nc3 Bb4 4.e3 c5 5.Bd3 Nc6 6.Nf3 Bxc3+ 7.bxc3 d6 8.Rb1 O-O
9.O-O e5 10.Ng5 Qe7 11.Qc2 h6 12.Nh7 Nxh7 13.Bxh7+ Kh8 14.Be4 Na5 15.Bd5 Rb8
16.Ba3 b6 17.f4 exf4 18.exf4 Bb7 19.Rbe1 Qf6 20.Qd3 Rbe8 21.Bc1 Ba6 22.Bd2 Rc8
23.Be3 Nc6 24.Rf3 Ne7 25.Qd2 Nxd5 26.cxd5 Qf5 27.dxc5 bxc5 28.Bf2 Bc4 29.Rfe3 Rb8
30.h3 h5 31.Bh4 f6 32.Re6 Rb6 33.R6e4 Bxd5 34.Ra4 Rfb8 35.Qe3 a6 36.c4 Bc6
37.Ra3 Rb2 38.Bf2 Re8 39.Qxe8+ Bxe8 40.Rxe8+ Kh7 41.Re7 Qxf4 42.Rf3 Rb1+
43.Be1 Qh4 44.Rfe3 Qxc4 45.Kh2 Qf4+ 46.Rg3 h4  0-1

[Event "Moron op"]
[Site "Moron"]
[Date "1981.??.??"]
[Round "?"]
[White "Hase, Juan C"]
[Black "Seirawan, Yasser"]
[Result "1/2-1/2"]
[WhiteElo "2410"]
[BlackElo "2555"]

1.e4 g6 2.d4 d6 3.c4 e5 4.Nf3 Bg7 5.Nc3 exd4 6.Nxd4 Nc6 7.Be3 Nge7 8.Be2 O-O
9.Qd2 f5 10.Nxc6 bxc6 11.exf5 Nxf5 12.Bg5 Qe8 13.O-O Qf7 14.Bd3 h6 15.Bxf5 Bxf5
16.Be3 Kh7 17.c5 Rfd8 18.Rad1 Qc4 19.Rfe1 a5 20.cxd6 Rxd6 21.Qc1 a4 22.a3 g5
23.Rd2 Rad8 24.Rxd6 cxd6 25.Qd1 d5 26.Qxa4 Qxa4 27.Nxa4 Ra8 28.Nb6 Ra6 29.Bc5 Ra5
30.Bb4 Ra6 31.Re7 Kg6 32.Nd7 Bxb2 33.Nc5 Ra8 34.Rc7 Bxa3 35.Rxc6+ Kf7 36.Bc3 Rb8
37.f3 Rb6 38.Rc7+ Ke8 39.Bd4 Rb4 40.Be5 Rc4 41.Bd6 Rc1+ 42.Kf2 Rc2+ 43.Kg3 Re2
44.h4 d4 45.Ne4 gxh4+ 46.Kxh4 Bb2 47.Re7+ Kd8 48.Ng3 Rxe7 49.Bxe7+ Kxe7 50.Nxf5+ Kf6
51.Nxh6 d3 52.Ng4+ Kf5 53.Nf2 d2 54.g3  1/2-1/2

[Event "Moron op"]
[Site "Moron"]
[Date "1981.??.??"]
[Round "?"]
[White "Seirawan, Yasser"]
[Black "Quinteros, Miguel A"]
[Result "1/2-1/2"]
[WhiteElo "2555"]
[BlackElo "2505"]

1.c4 g6 2.Nc3 Bg7 3.g3 Nf6 4.Bg2 O-O 5.e4 c5 6.Nge2 Nc6 7.a3 Ne8 8.Rb1 a5
9.O-O Nc7 10.d3 Ne6 11.g4 Ned4 12.Ng3 e5 13.f4 exf4 14.Bxf4 d6 15.h3 Be5
16.Qd2 Be6 17.a4 f6 18.Rf2 Rf7 19.Rbf1 Qe8 20.Nb5  1/2-1/2

[Event "Hamburg TV-A"]
[Site "Hamburg"]
[Date "1982.??.??"]
[Round "2"]
[White "Seirawan, Yasser"]
[Black "Bouaziz, Slim"]
[Result "1-0"]
[WhiteElo "2595"]
[BlackElo "2360"]

1.d4 Nf6 2.c4 g6 3.Nc3 Bg7 4.e4 d6 5.Be2 O-O 6.Bg5 c5 7.d5 h6 8.Be3 e6 9.Qd2 exd5
10.cxd5 Re8 11.f3 h5 12.Bg5 a6 13.a4 Qa5 14.Ra3 Nbd7 15.Nh3 c4 16.Nf2 Qc7
17.O-O Rb8 18.a5 b5 19.axb6 Qxb6 20.Bxc4 Ne5 21.Be2 Qxb2 22.Qxb2 Rxb2 23.Rb1 Rxb1+
24.Nxb1 Ned7 25.Bxa6 Bxa6 26.Rxa6 Nxd5 27.Rxd6 N5f6 28.Nd2 Re6 29.Rxe6 fxe6
30.Kf1 Kf7 31.Ke2 Nh7 32.Be3 Be5 33.h3 Bg3 34.Kd3 Bxf2 35.Bxf2 e5 36.Kc4 Ke6
37.Kb5 Nhf6 38.Kc6 Nf8 39.Nb3 g5 40.Be3 g4 41.Nc5+ Kf7 42.Kd6 Ng6 43.Nd3 gxh3
44.gxh3 Ne8+ 45.Kc6 Kf6 46.Bh6 Ke6 47.Bg5 Kf7 48.Nc5 Nf6 49.Nd3 Nh7 50.Bd8 Ke6
51.Nc5+ Kf7 52.Kd6 Ke8 53.Ne6 Nh8 54.Bh4 Nf7+ 55.Kd5 Kd7 56.Ng7 Nhg5 57.Bxg5 Nxg5
58.Nxh5 Nxf3 59.Nf6+ Ke7 60.Ng4 Kf8 61.Nxe5 Nd2 62.Ng4 Kg7 63.e5 Nf3 64.e6 Ng5
65.h4 Nf3 66.h5 Ng5 67.Ke5 Nh7 68.e7 Kf7 69.Kd6 Ke8 70.h6 Ng5 71.Nf6+  1-0

[Event "Hamburg TV-A"]
[Site "Hamburg"]
[Date "1982.??.??"]
[Round "3"]
[White "Seirawan, Yasser"]
[Black "Karpov, Anatoly"]
[Result "0-1"]
[WhiteElo "2595"]
[BlackElo "2700"]

1.Nf3 Nf6 2.c4 e6 3.Nc3 d5 4.d4 Be7 5.Bg5 h6 6.Bh4 O-O 7.Rc1 b6 8.cxd5 Nxd5
9.Nxd5 exd5 10.Bxe7 Qxe7 11.g3 Re8 12.Rc3 Na6 13.Qa4 b5 14.Qa5 Qe4 15.Kd2 Re6
16.b3 b4 17.Re3 Qb1 18.Rxe6 Qb2+ 19.Kd1 Bxe6 20.Qxa6 Qa1+ 21.Kd2 Qc3+ 22.Kd1 Bf5
23.Ne1 Rb8 24.Qxa7 Rb6 25.e3 Rc6 26.Bc4 Qa1+ 27.Ke2 Qb2+ 28.Kd1 dxc4 29.Qa8+ Kh7
30.Qxc6 c3  0-1

[Event "Hamburg TV-A"]
[Site "Hamburg"]
[Date "1982.??.??"]
[Round "4"]
[White "Karpov, Anatoly"]
[Black "Seirawan, Yasser"]
[Result "1-0"]
[WhiteElo "2700"]
[BlackElo "2595"]

1.d4 Nf6 2.c4 e6 3.Nf3 b6 4.g3 Ba6 5.Nbd2 Bb4 6.Qc2 c5 7.e4 cxd4 8.e5 Ng8
9.Bg2 Nc6 10.O-O Nge7 11.a3 Bxd2 12.Bxd2 b5 13.cxb5 Bxb5 14.Rfe1 d3 15.Qb3 Rb8
16.Re4 O-O 17.a4 Ba6 18.Qa3 Nf5 19.b4 d5 20.Rf4 Bc4 21.b5 Nce7 22.g4 Nh6
23.Rd4 Ng6 24.Qc1 a6 25.h4 f6 26.exf6 Rxf6 27.Bg5 Nf7 28.Bxf6 Qxf6 29.g5 Qf5
30.h5 Nge5 31.Nh4 Qxg5 32.Qxg5 Nxg5 33.f4 Nd7 34.fxg5 Kf7 35.g6+ hxg6 36.Nxg6 axb5
37.axb5 e5 38.Bxd5+  1-0

[Event "Phillips&Drew"]
[Site "London"]
[Date "1982.??.??"]
[Round "?"]
[White "Geller, Efim P"]
[Black "Seirawan, Yasser"]
[Result "1/2-1/2"]
[WhiteElo "2575"]
[BlackElo "2575"]

1.e4 e6 2.d4 d5 3.Nc3 Bb4 4.e5 Ne7 5.Nf3 b6 6.Bd2 Bxc3 7.Bxc3 a5 8.h4 Qd7
9.h5 h6 10.Bd2 Ba6 11.Bxa6 Nxa6 12.O-O a4 13.Nh4 c5 14.Qg4 Rg8 15.c3 Nc7
16.Be3 c4 17.a3 O-O-O 18.Rae1 Nf5 19.Qh3 g5 20.hxg6 fxg6 21.Nf3 g5 22.g4 h5
23.Nxg5 hxg4 24.Qxg4 Rh8 25.f4 Rh4 26.Qg2 Rdh8 27.Rf3 Qg7 28.Bf2 R4h5 29.Bg3 Qg6
30.Bf2 Qg7 31.Bg3 R8h6 32.Kf2 Nxg3 33.Qxg3 Rh2+ 34.Ke3 Qg6 35.f5 exf5 36.Qf4 Rxb2
37.Qxf5+ Qxf5 38.Rxf5 Rb3 39.Rf6 Rxc3+ 40.Kf4 Rh4+ 41.Kf5 Rb3 42.e6 c3 43.e7 Kd7
44.e8=Q+ Nxe8 45.Rf7+ Kc6 46.Rxe8 Rxd4 47.Rc8+ Kb5 48.Ne6 Rc4 49.Nc7+ Kc5
50.Ne6+ Kb5 51.Nc7+ Kc5  1/2-1/2

[Event "Phillips&Drew"]
[Site "London"]
[Date "1982.??.??"]
[Round "?"]
[White "Andersson, Ulf"]
[Black "Seirawan, Yasser"]
[Result "1-0"]
[WhiteElo "2635"]
[BlackElo "2575"]

1.Nf3 Nf6 2.c4 c5 3.g3 b6 4.Bg2 Bb7 5.O-O e6 6.Nc3 Be7 7.d4 cxd4 8.Qxd4 d6
9.Bg5 a6 10.Bxf6 Bxf6 11.Qf4 O-O 12.Rfd1 Be7 13.Ne4 Bxe4 14.Qxe4 Ra7 15.Nd4 Rc7
16.b3 Rc5 17.a4 Qc7 18.Qb1 Rc8 19.Ra2 Bf8 20.e3 Qe7 21.Rc2 g6 22.Qa2 Qg5
23.h4 Qf6 24.b4 R5c7 25.b5 a5 26.Nc6 Nd7 27.Rcd2 Nc5 28.Qc2 Qg7 29.f4 Kh8
30.Bf3 Re8 31.Kg2 f5 32.e4 e5 33.fxe5 dxe5 34.Rd8 Rxd8 35.Rxd8 fxe4 36.Bxe4 Qf6
37.Bd5 Kg7 38.Re8 e4 39.Bxe4 Rf7 40.Qe2 Nxa4 41.Bf3 Rd7 42.Bg4 Rd6 43.Ne5 Nc5
44.Ra8 Rd8 45.Ra7+ Kg8 46.Bf3 Bg7 47.Bd5+ Rxd5 48.Ng4 Qd8 49.cxd5 Qxd5+ 50.Kh2 Ne4
51.Re7  1-0

[Event "Phillips&Drew"]
[Site "London"]
[Date "1982.??.??"]
[Round "?"]
[White "Ljubojevic, Ljubomir"]
[Black "Seirawan, Yasser"]
[Result "0-1"]
[WhiteElo "2645"]
[BlackElo "2575"]

1.e4 e6 2.d4 d5 3.Nd2 c5 4.exd5 Qxd5 5.Ngf3 cxd4 6.Bc4 Qd6 7.O-O Nf6 8.Nb3 Nc6
9.Nbxd4 Nxd4 10.Nxd4 a6 11.a4 Bd7 12.b3 Qc7 13.Bb2 Bd6 14.h3 O-O 15.Re1 Rad8
16.Qf3 Rfe8 17.Rad1 Bc8 18.Re3 Bf8 19.Red3 Be7 20.Qe2 g6 21.Nf3 Rxd3 22.Rxd3 Rd8
23.Ne5 Rxd3 24.Qxd3 Ne8 25.Ng4 f6 26.h4 Qf4 27.Qe2 Kf7 28.g3 Qd6 29.h5 gxh5
30.Ne3 Ng7 31.Ng2 Bd7 32.Bd3 Bc6 33.Nf4 h4 34.Bxh7 e5 35.Qc4+ Ke8 36.Qg8+ Kd7
37.Nd3 Ne6 38.Bf5 Qd5 39.Bxe6+ Qxe6 40.Qxe6+ Kxe6 41.gxh4 Kf5 42.Bc3 Kg4
43.Bb4 Bd8 44.Bd6 Kxh4 45.Nc5 Bb6 46.b4 Kg4 47.a5 Ba7 48.c4 Kf3 49.Kf1 e4
50.Ke1 f5 51.Be5 f4 52.Bc7 Be8 53.Bb6 Bxb6 54.axb6 e3 55.Nd3 exf2+ 56.Nxf2 Ke3
57.c5 Bd7 58.Kf1 Bb5+ 59.Ke1 Kd4 60.Kd2 f3 61.Ng4 Kc4 62.Ne5+ Kxb4 63.c6 f2
64.cxb7 f1=Q 65.b8=Q Qe2+ 66.Kc1 Qe3+ 67.Kb2 Qf2+ 68.Kc1 Qg1+ 69.Kd2 Kb3
70.Nd3 Qg2+ 71.Ke3 Qh3+ 72.Kf2 Bxd3 73.b7 Qf1+ 74.Kg3 Qg1+ 75.Kf3 Qf1+ 76.Kg3 Qe1+
77.Kf4 Qf2+ 78.Kg4 Qf5+ 79.Kg3 Qg5+ 80.Kf3 Bc4 81.Qc7 Bd5+ 82.Ke2 Qg2+ 83.Kd3 Qe4+
84.Kd2 Qb4+ 85.Kd3 Be4+ 86.Ke3 Bxb7 87.Qf7+ Ka3  0-1

[Event "Phillips&Drew"]
[Site "London"]
[Date "1982.??.??"]
[Round "?"]
[White "Seirawan, Yasser"]
[Black "Karpov, Anatoly"]
[Result "1-0"]
[WhiteElo "2575"]
[BlackElo "2720"]

1.Nf3 Nf6 2.c4 e6 3.Nc3 d5 4.d4 Be7 5.Bg5 h6 6.Bh4 O-O 7.Rc1 b6 8.cxd5 Nxd5
9.Nxd5 exd5 10.Bxe7 Qxe7 11.g3 Re8 12.Rc3 Na6 13.Qa4 c5 14.Re3 Be6 15.Qxa6 cxd4
16.Rb3 Bf5 17.Bg2 Bc2 18.Nxd4 Bxb3 19.Nxb3 Rac8 20.Bf3 Rc2 21.O-O Rxb2 22.Rd1 Rd8
23.Nd4 Rd7 24.Nc6 Qe8 25.Nxa7 Rc7 26.a4 Qa8 27.Rxd5 Qxa7 28.Rd8+ Kh7 29.Qd3+ f5
30.Qxf5+ g6 31.Qe6  1-0

[Event "Phillips&Drew"]
[Site "London"]
[Date "1982.??.??"]
[Round "?"]
[White "Seirawan, Yasser"]
[Black "Mestel, A Jonathan"]
[Result "1/2-1/2"]
[WhiteElo "2575"]
[BlackElo "2500"]

1.c4 g6 2.d4 Bg7 3.Nc3 Nf6 4.e4 O-O 5.Bg5 c6 6.Qd2 d5 7.exd5 cxd5 8.Bxf6 Bxf6
9.cxd5 e6 10.Bc4 exd5 11.Bxd5 Nc6 12.Nge2 Bg4 13.Bxc6 bxc6 14.O-O Rb8 15.h3 Bxe2
16.Nxe2 c5 17.Rad1 cxd4 18.Nxd4 Bxd4 19.Qxd4 Qxd4 20.Rxd4 Rxb2 21.Ra4 Rc8  1/2-1/2

[Event "Phillips&Drew"]
[Site "London"]
[Date "1982.??.??"]
[Round "?"]
[White "Seirawan, Yasser"]
[Black "Portisch, Lajos"]
[Result "1/2-1/2"]
[WhiteElo "2575"]
[BlackElo "2630"]

1.d4 Nf6 2.c4 e6 3.Bg5 Bb4+ 4.Nd2 h6 5.Bxf6 Qxf6 6.a3 Bxd2+ 7.Qxd2 O-O 8.e3 d6
9.Bd3 e5 10.Ne2 Nc6 11.d5 Ne7 12.O-O Bf5 13.e4 Bd7 14.b4 Qg6 15.Ng3 Rac8
16.Rac1 c5 17.f4 f6 18.Be2 Qe8 19.f5 Qd8 20.b5 Ra8 21.a4 a6 22.Ra1 axb5 23.axb5 Rxa1
24.Rxa1 Nc8 25.Ra3 Be8 26.Bh5 Nb6 27.Qa2 Kh7 28.Kf2 Qe7 29.Ke2 Bxh5+ 30.Nxh5 Qf7
31.g4 Qg8 32.Ra7 Rb8 33.Qa5 Qd8 34.Kd3 Kg8 35.Kc3 Kf8 36.Kb3 Kg8 37.Ng3 Kf8
38.h3 Ke8 39.Kc3 Nc8 40.Qxd8+ Kxd8 41.Ra2 Ke7 42.Nh5 Kf7  1/2-1/2

[Event "Phillips&Drew"]
[Site "London"]
[Date "1982.??.??"]
[Round "?"]
[White "Seirawan, Yasser"]
[Black "Short, Nigel D"]
[Result "1-0"]
[WhiteElo "2575"]
[BlackElo "2430"]

1.d4 Nf6 2.c4 e6 3.Bg5 h6 4.Bxf6 Qxf6 5.Nc3 b6 6.Nf3 Bb7 7.e3 g6 8.Bd3 Bg7
9.Be4 Bxe4 10.Nxe4 Qe7 11.Qa4 O-O 12.O-O d6 13.Rad1 Nd7 14.Qc6 Rfc8 15.Ne1 Nf6
16.Nxf6+ Bxf6 17.Nc2 Qe8 18.Nb4 Qxc6 19.Nxc6 Kf8 20.b4 Ke8 21.Rd3 Kd7 22.d5 Bg7
23.e4 a6 24.a4 Re8 25.Rf3 f5 26.g4 Rf8 27.gxf5 gxf5 28.exf5 e5 29.Rg3 Bf6
30.f4 exf4 31.Rxf4 Rae8 32.h4 Re1+ 33.Kg2 Ra1 34.Rg6 Ra2+ 35.Kh3 h5 36.Re4 Ra3+
37.Kg2 Ra2+ 38.Kh3 Ra3+ 39.Kg2 Ra2+ 40.Kg3 Ra3+ 41.Kf2 Bd8 42.Rf4 Bf6 43.Re4 Bd8
44.Ke2 Ra2+ 45.Ke3 Rxa4 46.Na7 Ra3+ 47.Ke2 Ra2+ 48.Kd1 Ra1+ 49.Kc2 Bf6 50.Re6 Bh8
51.Rh6 Ra2+ 52.Kb3 Rb2+ 53.Ka3 Rg2 54.f6 Rfg8 55.Rh7+  1-0

[Event "Phillips&Drew"]
[Site "London"]
[Date "1982.??.??"]
[Round "?"]
[White "Seirawan, Yasser"]
[Black "Timman, Jan H"]
[Result "1/2-1/2"]
[WhiteElo "2575"]
[BlackElo "2605"]

1.d4 Nf6 2.c4 e6 3.Nf3 b6 4.g3 Ba6 5.Nbd2 Bb4 6.Qa4 c5 7.a3 Bxd2+ 8.Bxd2 cxd4
9.Bg2 Bb7 10.O-O Bc6 11.Qd1 Bxf3 12.Bxf3 Nc6 13.Bf4 O-O 14.Bd6 Re8 15.Bxc6 dxc6
16.Qxd4 c5 17.Qf4 Nd7 18.Rad1 Qc8 19.Be5 Nxe5 20.Qxe5 Qa6 21.Qc3 Red8 22.Rd3 Qa4
23.Qd2 Rxd3 24.Qxd3 h6 25.Rd1 Rb8 26.Rd2 Qc6 27.Qd7 Qxd7 28.Rxd7 b5 29.cxb5 Rxb5
30.Rd8+ Kh7 31.Rd2 c4 32.Rc2 c3 33.bxc3 Rb3 34.c4 Rxa3 35.c5 Rb3 36.c6 Rb8
37.Ra2 Rc8 38.Rxa7 Kg6 39.Ra6 Kf5 40.f4 e5 41.Ra5 f6 42.fxe5 fxe5 43.Ra6 Ke4
44.Kf2 Rf8+ 45.Ke1 Rc8 46.Kd2 Kd4 47.Ra7 Rxc6 48.Rxg7 Ra6 49.Rb7 Ke4 50.Rb4+ Kf5
51.Ke3 Ra3+ 52.Kf2 h5 53.h4 Ra8 54.Rb6 Ke4 55.Rh6 Rf8+ 56.Ke1 Rg8 57.Kf2 Rf8+
58.Kg2 Rf5 59.Rg6 Ke3 60.Rg5 Rf2+ 61.Kh3 e4 62.Rxh5 Kxe2 63.Re5 e3 64.h5 Kd3
65.Kg4 e2 66.h6 Rf1 67.Kg5 e1=Q 68.Rxe1 Rxe1 69.h7 Rh1 70.Kg6 Ke4 71.Kg7 Kf3  1/2-1/2

[Event "Phillips&Drew"]
[Site "London"]
[Date "1982.??.??"]
[Round "?"]
[White "Christiansen, Larry Mark"]
[Black "Seirawan, Yasser"]
[Result "0-1"]
[WhiteElo "2585"]
[BlackElo "2575"]

1.d4 Nf6 2.c4 e6 3.Nf3 b6 4.a3 Bb7 5.Nc3 d5 6.cxd5 exd5 7.Bf4 Bd6 8.Bxd6 Qxd6
9.g3 O-O 10.Bg2 c5 11.O-O Nbd7 12.Rc1 a6 13.dxc5 bxc5 14.Nd2 Rab8 15.e4 d4
16.Na4 Bc6 17.Re1 Bxa4 18.Qxa4 Rxb2 19.Nc4 Nb6 20.e5 Nxa4 21.exd6 Ra2 22.Bf1 Nc3
23.Re5 Rd8 24.Rce1 g6 25.g4 h6 26.h4 Kf8 27.g5 hxg5 28.hxg5 Ng4 29.Rxc5 d3
30.d7 Ne2+ 31.Bxe2 Rxe2 32.Rb1 Rxd7 33.Rc8+ Ke7 34.Rbb8 Ke6 35.Re8+ Kf5 36.Red8 Rxd8
37.Rxd8 Nxf2 38.Kf1 Kxg5 39.a4 f5 40.a5 Ra2 41.Rd6 Ne4 42.Rxd3 Ra4  0-1

[Event "Luzern ol (Men)"]
[Site "Luzern"]
[Date "1982.??.??"]
[Round "2"]
[White "Kouatly, Bachar"]
[Black "Seirawan, Yasser"]
[Result "0-1"]
[WhiteElo "2440"]
[BlackElo "2595"]

1.d4 d6 2.c4 g6 3.Nc3 e5 4.Nf3 Bg7 5.e4 Bg4 6.d5 a5 7.h3 Bxf3 8.Qxf3 Na6
9.Bd3 h5 10.g4 Bf6 11.a3 Bg5 12.Be3 hxg4 13.hxg4 Rxh1+ 14.Qxh1 Bxe3 15.fxe3 Qg5
16.Kd2 Ke7 17.Rg1 Nf6 18.Nd1 Rg8 19.Nf2 Nc5 20.Bc2 a4 21.Ke2 Rg7 22.Kf3 Rh7
23.Qg2 Nfd7 24.Rh1 Rh4 25.Nh3 Qh6 26.Kg3 Nf6 27.g5 Rg4+ 28.Kf3 Rxg2 29.gxh6 Rxc2
30.Ng5 Nd3 31.Kg3 Rc1  0-1

[Event "Luzern ol (Men)"]
[Site "Luzern"]
[Date "1982.??.??"]
[Round "3"]
[White "Karpov, Anatoly"]
[Black "Seirawan, Yasser"]
[Result "1/2-1/2"]
[WhiteElo "2700"]
[BlackElo "2595"]

1.e4 c6 2.d4 d5 3.Nd2 dxe4 4.Nxe4 Bf5 5.Ng3 Bg6 6.h4 h6 7.Nf3 Nd7 8.h5 Bh7
9.Bd3 Bxd3 10.Qxd3 Qc7 11.Bd2 Ngf6 12.O-O-O e6 13.Ne4 Rd8 14.Nxf6+ Nxf6 15.Qe2 c5
16.dxc5 Bxc5 17.Ne5 O-O 18.Nd3 Be7 19.Kb1 Rc8 20.Rc1 Qc4 21.Rhe1 Nd5 22.g4 a5
23.Ne5 Qxe2 24.Rxe2 a4 25.a3 b5 26.Nd3 Rc4 27.f3 Rfc8 28.c3 Bd6 29.Rg1 Re8
30.g5 hxg5 31.Rxg5 Be7 32.Rg1 Rh4 33.Reg2 Bf8 34.Bh6 Rxh5 35.Bxg7 Bxg7 36.Rxg7+ Kf8
37.R7g4 Rf5 38.Nb4 Nxb4 39.Rxb4 Rxf3 40.Rxb5 e5 41.Kc2 e4 42.Kd2 e3+ 43.Ke1 Rf2
44.Rf1 Rc2 45.Rb7 Rc1+ 46.Ke2 Rc2+ 47.Ke1 Rc1+  1/2-1/2

[Event "Luzern ol (Men)"]
[Site "Luzern"]
[Date "1982.??.??"]
[Round "4"]
[White "Lobron, Eric"]
[Black "Seirawan, Yasser"]
[Result "0-1"]
[WhiteElo "2470"]
[BlackElo "2595"]

1.e4 g6 2.d4 d6 3.Nc3 Bg7 4.Nf3 Nf6 5.h3 O-O 6.Be3 a6 7.Bd3 b5 8.Ne2 Nbd7
9.Ng3 c5 10.c3 e5 11.dxe5 dxe5 12.O-O c4 13.Bc2 Bb7 14.Qd2 Re8 15.Rad1 Qe7
16.Bh6 Nc5 17.Bxg7 Kxg7 18.Qe3 h6 19.Rd2 Rad8 20.Rfd1 Rxd2 21.Rxd2 Qc7 22.Nh4 Kh7
23.Nf3 Ne6 24.a4 Kg7 25.Rd1 Qc5 26.Qxc5 Nxc5 27.axb5 axb5 28.Rd6 Ncd7 29.Kf1 Ra8
30.Rd1 Ra2 31.Rb1 Nc5 32.Nd2 Bc6 33.f3 Ne6 34.Ne2 Nf4 35.Nc1 Ra7 36.Kf2 Nd7
37.h4 Nb6 38.g3 Ne6 39.Ne2 h5 40.Nf1 Kf8 41.Ne3 Nc5 42.Nc1 Ke7 43.Ke2 Ra8
44.Kf2 Bd7 45.Ke1 Be6 46.Ke2 Nc8 47.b3 cxb3 48.Nxb3 Na4 49.Nd1 Nd6 50.Nd2 Nc5
51.Bd3 Ra5 52.Rb2 Kd7 53.Ne3 Nxd3 54.Kxd3 Kc6 55.f4 exf4 56.gxf4 Ra1 57.Nf3 Kc5
58.Rg2 Bc4+ 59.Nxc4 bxc4+ 60.Ke3 Ra3 61.Rc2 Nb5 62.Kd2 Ra1 63.Ng5 Rh1 64.Nxf7 Rxh4
65.Ng5 Rh2+ 66.Kc1 Rh1+ 67.Kb2 h4 68.Rf2 h3 69.f5 h2 70.fxg6 Rb1+ 71.Kxb1 h1=Q+
72.Kb2 Qe1 73.Rc2 Nxc3  0-1

[Event "Luzern ol (Men)"]
[Site "Luzern"]
[Date "1982.??.??"]
[Round "8"]
[White "Hort, Vlastimil"]
[Black "Seirawan, Yasser"]
[Result "1/2-1/2"]
[WhiteElo "2600"]
[BlackElo "2595"]

1.e4 e5 2.Nf3 Nf6 3.Nxe5 d6 4.Nf3 Nxe4 5.Qe2 Qe7 6.d3 Nf6 7.Bg5 Qxe2+ 8.Bxe2 Be7
9.Nc3 c6 10.O-O-O Na6 11.Nd4 Nc7 12.Rhe1 Ne6 13.Nxe6 Bxe6  1/2-1/2

[Event "Luzern ol (Men)"]
[Site "Luzern"]
[Date "1982.??.??"]
[Round "12"]
[White "Portisch, Lajos"]
[Black "Seirawan, Yasser"]
[Result "1/2-1/2"]
[WhiteElo "2625"]
[BlackElo "2595"]

1.d4 Nf6 2.c4 e6 3.Nc3 Bb4 4.e3 c5 5.Bd3 Nc6 6.Nf3 Bxc3+ 7.bxc3 d6 8.Qc2 e5
9.d5 Ne7 10.O-O O-O 11.Ne1 Qe8 12.f3 Ng6 13.Bd2 e4 14.fxe4 Ng4 15.Nf3 b6
16.e5 N4xe5 17.Nxe5 Qxe5 18.a4 a5 19.Rfb1  1/2-1/2

[Event "Mar del Plata"]
[Site "Mar del Plata"]
[Date "1982.??.??"]
[Round "?"]
[White "Najdorf, Miguel"]
[Black "Seirawan, Yasser"]
[Result "1/2-1/2"]
[WhiteElo "2515"]
[BlackElo "2575"]

1.d4 Nf6 2.c4 e6 3.Nf3 b6 4.g3 Ba6 5.Nbd2 Bb4 6.Qc2 c5 7.Bg2 O-O 8.a3 Bxd2+
9.Bxd2 d5 10.cxd5 exd5 11.dxc5 Qe7 12.O-O bxc5 13.b4 Nbd7 14.bxc5 Qxc5 15.Qb2 Rfe8
16.Rfc1 Qb6 17.Qxb6 axb6 18.e3 Nc5 19.Nd4  1/2-1/2

[Event "Mar del Plata"]
[Site "Mar del Plata"]
[Date "1982.??.??"]
[Round "?"]
[White "Karpov, Anatoly"]
[Black "Seirawan, Yasser"]
[Result "1/2-1/2"]
[WhiteElo "2720"]
[BlackElo "2575"]

1.e4 e6 2.d4 d5 3.Nc3 Bb4 4.e5 Ne7 5.a3 Bxc3+ 6.bxc3 b6 7.Nh3 Ng6 8.a4 Ba6
9.Bxa6 Nxa6 10.O-O Nb8 11.Qg4 Nc6 12.Nf4 Nxf4 13.Bxf4 Rg8 14.Bg5 Qd7 15.f4 f5
16.Qh5+ g6 17.Qh6 Qg7 18.Qh3 Na5 19.Bf6 Qf7 20.Qh6 c6 21.Rf3 Rc8 22.h3 Nc4
23.Rd3 Kd7 24.g4 Kc7 25.Kf2 Kb7 26.Bh4 Ka6 27.Ke2 c5 28.Ra2 Rc7 29.Qg5 h5
30.Rg3 hxg4 31.hxg4 Rh8 32.Rg2 Qe8 33.Bf2 Rh3 34.gxf5 gxf5 35.dxc5 bxc5 36.Rg3 Rxg3
37.Qxg3 Qc6 38.Ra1 Rb7 39.Qg1 Rb2 40.Kd3 Kb6 41.Qg8 Ka6 42.Qg1 Rb7 43.Bxc5 Rh7
44.Bd4 Rh3+ 45.Ke2 Qe8 46.Qg5 Rh2+ 47.Bf2 Rh7 48.Bd4 Ka5 49.Bf2 a6 50.Bh4 Kb6
51.Bf2+ Kc7 52.Bh4 Nb6 53.Kd2 Kc6 54.Bf2 Rh5 55.Qg3 Nc4+ 56.Ke2 Rh6 57.Qg5 Rh3
58.Bd4 Rh5 59.Qg3 Rh6 60.Rg1 Qh5+ 61.Qf3 Qh2+ 62.Rg2 Qh1 63.Qf1 Qxf1+ 64.Kxf1 Rh4
65.Rg6 Rxf4+ 66.Ke2 Re4+ 67.Kf1 Kd7 68.Rg7+ Kd8 69.Rg8+ Kd7 70.Rg7+ Ke8 71.Ra7 Nxe5
72.Rxa6 Kd7 73.Ra8 Nc6 74.a5 e5 75.Bb6 Rc4 76.a6 Rxc3 77.a7 Nxa7 78.Rxa7+ Kd6
79.Ra2 d4 80.Ba7 f4 81.Bb8+  1/2-1/2

[Event "Mar del Plata"]
[Site "Mar del Plata"]
[Date "1982.??.??"]
[Round "?"]
[White "Garcia Palermo, Carlos"]
[Black "Seirawan, Yasser"]
[Result "1/2-1/2"]
[WhiteElo "2470"]
[BlackElo "2575"]

1.d4 d6 2.Nc3 g6 3.Bf4 Bg7 4.Nf3 c6 5.Qd2 b5 6.g3 Nd7 7.Bg2 Nb6 8.Rd1 Nf6
9.O-O O-O 10.Rfe1 a5 11.Qc1 Nbd5 12.Bh6 Nxc3 13.bxc3 Be6 14.Bxg7 Kxg7 15.Nd2 Bxa2
16.Bxc6 Rb8 17.Qa1 Be6 18.Rb1 Bd7 19.Bxd7 Nxd7 20.c4 bxc4 21.Nxc4 Qc7 22.Qa4 Nb6
23.Nxb6 Rxb6 24.Rxb6 Qxb6 25.e3  1/2-1/2

[Event "Mar del Plata"]
[Site "Mar del Plata"]
[Date "1982.??.??"]
[Round "?"]
[White "Braga, Fernando"]
[Black "Seirawan, Yasser"]
[Result "1-0"]
[WhiteElo "2375"]
[BlackElo "2575"]

1.e4 c6 2.d4 d5 3.e5 Bf5 4.Nc3 h5 5.Nf3 e6 6.Be2 Bg6 7.O-O Nh6 8.Bxh6 Rxh6
9.Qd2 a6 10.Rac1 Nd7 11.Nd1 Rc8 12.b4 b5 13.Nb2 Nb6 14.Ra1 Be7 15.Bd3 Rb8
16.Ne1 Nc4 17.Nxc4 bxc4 18.Bxg6 fxg6 19.c3 g5 20.f3 g6 21.Nc2 Rh7 22.Ne3 Kf8
23.Rfb1 Rf7 24.a3 Kg7 25.Rf1 Ra8 26.Qd1 Bf8 27.h3 Kh7 28.g4 a5 29.Qb1 Kg7
30.Kf2 Rfa7 31.Qb2 Be7 32.Rg1 Qf8 33.Ng2 Ra6 34.Ke2 R8a7 35.gxh5 gxh5 36.h4 Kh6
37.hxg5+ Bxg5 38.f4 Bd8 39.Qd2 axb4 40.f5+ Bg5 41.Ne3 bxc3 42.Ng4+  1-0

[Event "Mar del Plata"]
[Site "Mar del Plata"]
[Date "1982.??.??"]
[Round "?"]
[White "Timman, Jan H"]
[Black "Seirawan, Yasser"]
[Result "0-1"]
[WhiteElo "2605"]
[BlackElo "2575"]

1.e4 c6 2.d4 d5 3.exd5 cxd5 4.Bd3 Nc6 5.c3 Nf6 6.Bf4 Bg4 7.Qb3 Qc8 8.Nd2 e6
9.h3 Bh5 10.Ngf3 Be7 11.Ne5 O-O 12.g4 Bg6 13.Nxg6 fxg6 14.Be3 Bd6 15.O-O-O Rb8
16.f4 b5 17.Qc2 b4 18.Kb1 bxc3 19.Qxc3 Qb7 20.Rc1 Rfc8 21.Qb3 Qc7 22.Qa4 Rb4
23.Qa6 Rb6 24.Qa4 Rb4 25.Qa6 Rb6 26.Qa4 Bxf4 27.Bxf4 Qxf4 28.Nb3 Rc7 29.Rhe1 Nb4
30.Rxc7 Qxc7 31.Rc1 Qb8 32.Bf1 h6 33.Nc5 Nc6 34.Nxe6 Rxb2+ 35.Ka1 Rf2 36.Qb5 Qxb5
37.Bxb5 Nb4 38.g5 Ne4 39.Rc8+ Kf7 40.Nd8+ Ke7 41.Nc6+ Kd7 42.Nxa7+ Kd6 43.a4 Nxg5
44.Nc6 Nc2+ 45.Kb2 Nxd4+ 46.Kc3 Nde6 47.Nd8 Ne4+ 48.Kb4 N6c5 49.Nc6 Rd2 50.Ka5 d4
51.Nb4 Rb2 52.Rc6+ Ke5 53.Rc7 Kf6 54.Rc6+ Ke5 55.Rc7 Kf6 56.Rc6+ Kg5 57.Rc7 Rb3
58.Na6 Nxa6 59.Bxa6 d3 60.Bc4 Rc3 61.Kb4 d2 62.Rd7 Rc1 63.Bb3 Rb1 64.Rd5+ Kf4
65.a5 Ke3 66.a6 Ra1 67.Bc2 Rxa6 68.Re5 Kf3 69.Re7 Nf2 70.Rf7+ Kg3  0-1